| 000 | 00000nas 2200000za 4500 |
| 001 | 9.506255 |
| 003 | CaOODSP |
| 005 | 20230228145224 |
| 007 | cr ||||||||||| |
| 008 | 150406c19989999oncar p o s f0 a0eng|d |
| 020 | |z0-662-64137-X|z0-662-64795-5|z0-662-64835-8|z0-662-31134-5|z0-662-33060-9|z0-662-35465-6|z0-662-38782-1 |
| 022 | |a1702-0964 |
| 040 | |aCaOODSP|beng |
| 041 | |aeng|afre |
| 043 | |an-cn--- |
| 086 | 1 |aR31-3-PDF|zR31-3/1998|zR31-3/1999|zR31-3/2000|zR31-3/2001E|zR31-3/2002E|zR31-3/2003E-PDF|zR31-3/2004E-PDF|zR31-3/2011E-PDF|zR31-3/2012E-PDF |
| 086 | 1 |aR31-3E-PDF |
| 130 | 0 |aRegistered Indian population by sex and residence (Online) |
| 210 | 0 |aRegist. Indian pop. sex resid. |b(Online) |
| 222 | 0|aRegistered Indian population by sex and residence |b(Online) |
| 245 | 10|aRegistered Indian population by sex and residence |h[electronic resource] = |bPopulation indienne inscrite selon le sexe et la résidence. |
| 246 | 1 |iIssues for 1998-1999 have French parallel title: |aPopulation indienne inscrite selon le sexe et la résidence |
| 260 | |aOttawa : |bInformation Management Branch, Dept. of Indian Affairs and Northern Development = Direction générale de la gestion de l'information, Ministère des affaires indiennes et du Nord canadien, |c1999- |
| 310 | |aAnnual |
| 362 | 1 |aBegan with 1998. |
| 520 | |a"The department of Aboriginal Affairs and Northern Development Canada (AANDC) is required by the Indian Act (Chapter I, Section 5 (1)) to record in the Indian Register the names of individuals who are registered under the Act. The Indian Registry System (IRS) is a database which records individuals' names and a range of non-statutory data. The Registered Indian Population by Sex and Residence describes the IRS population ..."--Introduction, 1998. |
| 546 | |aText in English and French, 1998-1999; text in English only, 2000- |
| 550 | |aIssued 2011-2013 by Aboriginal Affairs and Northern Development Canada; 2015- by Indigenous Services Canada. |
| 690 | 07|aIndigenous peoples|2gcpds |
| 690 | 07|aStatistics|2gcpds |
| 710 | 1 |aCanada.|bIndian and Northern Affairs Canada. |bInformation Management Branch. |
| 710 | 1 |aCanada. |bAboriginal Affairs and Northern Development Canada. |
| 710 | 1 |aCanada. |bIndigenous Services Canada. |
| 775 | 08|tPopulation indienne inscrite selon le sexe et la résidence |w(CaOODSP)9.502651 |
| 780 | 00|tIndian register, population by sex and residence for registry groups, responsibility centres, regions and Canada, December 31, ... |w(CaOODSP)9.836148 |
| 792 | |tRegistered Indian population by sex and residence |efre|w(CaOODSP)9.500646 |